| 000 | 01410cam a22004094i 4500 | ||
|---|---|---|---|
| 003 | PE-LiUPU | ||
| 005 | 20250731173202.0 | ||
| 008 | 150625s1972 sp r 000 0 spa d | ||
| 035 | _a(Sirsi) a30240 | ||
| 040 |
_aPE-LiUPU _bspa _cPE-LiUPU _erda |
||
| 082 | 0 | 4 |
_a205 _bAB/37/S31 _221 |
| 100 | 1 |
_aSchlier, Heinrich, _eautor. |
|
| 245 | 1 | 3 |
_aEl Apostol y su Comunidad : _bITesalonicenses Texto y Comentario. |
| 264 | 1 |
_aMadrid : _bEdiciones Fax, _c1972. |
|
| 300 |
_a127 cm. ; _c21 centímetros |
||
| 336 |
_atext _2rdacontent |
||
| 337 |
_aunmediated _2rdamedia |
||
| 338 |
_avolume _2rdacarrier |
||
| 505 | 0 | _aEl apostol y su comunidad -- La instruccion a la comunidad. | |
| 526 | _aSEG42 | ||
| 526 | _aSEG41 | ||
| 526 | _aSEG40 | ||
| 526 | _aSEG39 | ||
| 526 | _aP94 | ||
| 526 | _aP87 | ||
| 526 | _aP86 | ||
| 526 | _aP85 | ||
| 526 | _aP77 | ||
| 526 | _aP76 | ||
| 526 | _aP35 | ||
| 630 | 0 | 4 |
_aBiblia. _pN.T. _pEpístolas de Pablo _xComentarios. |
| 942 |
_2ddc _cBOOK |
||
| 949 |
_a205 AB/37/S31 _wDEWEY _c1 _i37231 _lCCODEBUL1 _mBUL _p20.00 _r0 _sY _tBOOK _u2015-06-25 _xBIBLIOTECA _zUNKNOWN _0COMPRA _o.STAFF. Colección Teología |
||
| 596 | _a1 | ||
| 999 |
_a205 AB/37/S31 _wDEWEY _c37675 _i37231 _f2021-11-11 _g5 _lCCODEBUL1 _mBUL _p20.00 _r0 _sY _tBOOK _u2015-6-25 _xTEOLOGIA _PP35 _0COMPRA _o.STAFF. Colección Teología _d37675 |
||
| 980 |
_81 _gALBERTO SANCHEZ Responsable de Automatización |
||